United Nations: Famous Speakers Quiz Stats

Quiz Updated Jan 12, 2018

Challenge
Share
Tweet
Score 0/20 Timer 05:00
2 Plays Today
% Correct
Nelson Mandela
98.8%
John F. Kennedy
97.6%
Barack Obama
97.2%
George W. Bush
95.2%
Queen Elizabeth II
92.1%
Fidel Castro
91.3%
Mikhail Gorbachev
84.2%
Colin Powell
76.9%
Yasser Arafat
73.7%
Hugo Chávez
71.7%
% Correct
Muammar al-Gaddafi
71.2%
Benjamin Netanyahu
59.7%
Robert Mugabe
55.8%
Malala Yousafzai
50.7%
Hamid Karzai
35.6%
Mahmoud Ahmadinejad
31.7%
Mahmoud Abbas
24.3%
Manmohan Singh
21.5%
Mohamed Morsi
19.3%
Mikheil Saakashvili
8%

You're not logged in!

Compare scores with friends on all Sporcle quizzes.
Sign Up with Email
OR
Log In

You Might Also Like...

Show Comments

Extras

Top Quizzes Today


Score Distribution

Your Account Isn't Verified!

In order to create a playlist on Sporcle, you need to verify the email address you used during registration. Go to your Sporcle Settings to finish the process.

Report this User

Report this user for behavior that violates our Community Guidelines.

Details: